Штатная численность работников библиотек: методическое пособие

গ্রন্থ-পঞ্জীর বিবরন
সংস্থা লেখক: Российская научно-техническая промышленная библиотека (РНТПБ)
সংক্ষিপ্ত:Данное пособие подготовлено в связи с тем, что в 1997 году окончился срок действия "Типовых норм времени на работы, выполняемые в библиотеках". Назрела необходимость обеспечения библиотек страны новыми нормативами. В 1997 году были разработаны "Межотраслевые нормы времени на работы, выполняемые в библиотеках". В методическом пособии, подготовленном сотрудниками научно-методического отдела РНТПБ, рассматриваются вопросы применения норм времени при расчете штатной численности библиотечных работников. В виде приложений даны "Примерные штаты библиотек высших учебных заведений" и "Примерные штаты библиотек учреждений среднего профессионального образования". Пособие предназначено для руководителей библиотек различных категорий и принадлежности и рекомендуется для определения штатной численности библиотечных работников.
ভাষা:রুশ
প্রকাশিত: Москва, Изд-во РНТПБ, 2011
বিষয়গুলি:
বিন্যাস: গ্রন্থ
KOHA link:https://koha.lib.tpu.ru/cgi-bin/koha/opac-detail.pl?biblionumber=211051

MARC

LEADER 00000nam0a2200000 4500
001 211051
005 20231101225642.0
035 |a (RuTPU)RU\TPU\book\230514 
090 |a 211051 
100 |a 20120307d2011 km y0rusy50 ca 
101 0 |a rus 
102 |a RU 
105 |a y z 000zy 
200 1 |a Штатная численность работников библиотек  |e методическое пособие  |f Российская научно-техническая промышленная библиотека (РНТПБ) 
210 |a Москва  |c Изд-во РНТПБ  |d 2011 
215 |a 19 с. 
330 |a Данное пособие подготовлено в связи с тем, что в 1997 году окончился срок действия "Типовых норм времени на работы, выполняемые в библиотеках". Назрела необходимость обеспечения библиотек страны новыми нормативами. В 1997 году были разработаны "Межотраслевые нормы времени на работы, выполняемые в библиотеках". В методическом пособии, подготовленном сотрудниками научно-методического отдела РНТПБ, рассматриваются вопросы применения норм времени при расчете штатной численности библиотечных работников. В виде приложений даны "Примерные штаты библиотек высших учебных заведений" и "Примерные штаты библиотек учреждений среднего профессионального образования". Пособие предназначено для руководителей библиотек различных категорий и принадлежности и рекомендуется для определения штатной численности библиотечных работников. 
606 1 |a Библиотеки  |x Организация работы  |2 stltpush  |3 (RuTPU)RU\TPU\subj\28589  |9 52106 
610 1 |a библиотечное дело 
610 1 |a штатный состав 
610 1 |a трудовые коллективы 
610 1 |a управление 
610 1 |a нормирование труда 
610 1 |a численность 
610 1 |a высшие учебные заведения 
610 1 |a средние профессионально-технические училища 
610 1 |a библиотечные системы 
610 1 |a штатные нормативы 
610 1 |a методические пособия 
686 |a Ч737я73  |v LBC/SL-A  |2 rubbk 
712 0 2 |a Российская научно-техническая промышленная библиотека (РНТПБ)  |c (Москва)  |c (1992- )  |2 stltpush  |3 (RuTPU)RU\TPU\col\16022 
801 1 |a RU  |b 63413507  |c 20120307 
801 2 |a RU  |b 63413507  |c 20221006  |g RCR 
942 |c BK 
959 |a 39/20120307  |d 1  |e 120,00  |f НМО:1